000 00716nas a2200229 4500
001 BR6800109
003 BR-BrBNA
005 20231205082247.0
007 ta
008 230509b bl.|||p| |||| 00| 00por d
040 _aBR-BrBNA
_bpor
_cBiblioteca Nacional de Agricultura
041 _a(Pt)
072 _aS10
100 1 _aLeitao, R.F.
245 1 _aCaracteristicas fisico-quimicas das pastas alimenticias [Massa]
650 _aComposicao de alimento
650 _aMassa
650 _aAnalise de alimento
773 0 _tBoletim do Centro Tropical de Pesquisas e Tecnologia de Alimentos (Brazil)
_x
_g(Sep 1968), (no. 15) p. 33-42
_wBR6800109
909 _a202311
_bLúcia
_c55
_dLúcia Elande
942 _2AGRIS
_n0
_cANA
999 _c90390
_d90390